|
|
|
|
| LEADER |
01235nam a2200253 i 4500 |
| 001 |
10079312 |
| 003 |
GR-PaULI |
| 005 |
20210117211041.0 |
| 008 |
090917t2009 gr g 0 j gre d |
| 952 |
|
|
|0 0
|1 0
|2 ddc
|4 0
|6 889_320000000000000_ΚΟΝ
|7 0
|9 239537
|a LISP
|b LISP
|c DON
|d 2020-02-24
|e ΓΑΛ
|i 142298
|l 0
|o 889.32 ΚΟΝ
|p 025000268746
|r 2020-02-24 00:00:00
|t 1
|v 2020.00
|w 2020-02-24
|y BKN
|
| 952 |
|
|
|0 0
|1 0
|2 ddc
|4 0
|6 889_320000000000000_ΚΟΝ
|7 0
|9 359265
|a LISP
|b LISP
|c DON
|d 2022-04-18
|e ΠΑΤ
|i 147776
|l 0
|o 889.32 ΚΟΝ
|p 025000273904
|r 2022-04-18 00:00:00
|t 2
|w 2022-04-18
|y BKN
|
| 999 |
|
|
|c 144611
|d 144611
|
| 020 |
|
|
|a 9789604694648
|
| 040 |
|
|
|a GR-PaULI
|b gre
|c GR-PaULI
|e AACR2
|
| 082 |
0 |
4 |
|a 889.32
|2 23
|
| 100 |
1 |
|
|a Κονδυλάκης, Ιωάννης Δ.,
|d 1861-1920
|e συγγραφέας
|9 33645
|
| 245 |
1 |
2 |
|a Ο Πατούχας /
|c Ιωάννης Κονδυλάκης.
|
| 260 |
|
|
|a Αθήναι :
|b Το Βήμα,
|c c2009.
|
| 300 |
|
|
|a 237 σ. ;
|b 17 εκ.
|
| 490 |
|
|
|a Βιβλιοθήκη Νεοελληνικής Γραμματείας / Βήμα
|
| 760 |
0 |
|
|a Βίπερ
|g 12
|
| 830 |
|
0 |
|9 160647
|a Βιβλιοθήκη Νεοελληνικής Γραμματείας (Το Βήμα)
|
| 942 |
|
|
|2 ddc
|c BKN
|
| 998 |
|
|
|c ΣΑΤΛΑΝΗΣ
|d 2020-02
|